[Event "Titled Tuesday intern op 24th Oct Late"]
[Site "Chess.com INT"]
[Date "2023.10.24"]
[Round "3"]
[White "Rodriguez Fontecha, Marcos"]
[Black "Horobetz, Graham"]
[Result "1-0"]
[WhiteElo "2289"]
[BlackElo "2194"]
[PlyCount "131"]
[EventDate "2023.10.24"]
[EventType "swiss (blitz)"]
[EventRounds "11"]
[EventCountry "USA"]
[SourceTitle "Mega2024 Update 01"]
[Source "Chessbase"]
[SourceDate "2023.11.12"]
[SourceVersion "1"]
[SourceVersionDate "2023.11.12"]
[SourceQuality "1"]

1. d4 Nf6 2. Nf3 g6 3. Bf4 Bg7 4. Nc3 c5 5. d5 d6 6. Qd2 Qa5 7. e4 a6 8. Bd3 0-0 9. Bh6 Bg4 10. 0-0 Bxf3 11. gxf3 Nh5 12. Bxg7 Kxg7 13. f4 e5 14. dxe6 fxe6 15. f5 Nc6 16. Rae1 Nd4 17. f4 exf5 18. exf5 Rae8 19. Rxe8 Rxe8 20. Qg2 c4 21. Qxb7+ Kh8 22. fxg6 Ng7 23. Bxc4 Qc5 24. Qd5 Ne2+ 25. Kg2 Nxc3 26. Qxc5 dxc5 27. bxc3 hxg6 28. Bxa6 Nf5 29. Kf2 Re3 30. Bd3 Rh3 31. Bxf5 gxf5 32. Ke2 Rxc3 33. Kd2 Ra3 34. Ra1 Kg7 35. c3 Kg6 36. Kc2 Kh5 37. Kb2 Ra4 38. Rf1 Kg4 39. Kb3 Ra8 40. a4 Rb8+ 41. Kc4 Ra8 42. Kxc5 Rxa4 43. c4 Ra2 44. Kc6 Rxh2 45. c5 Rc2 46. Kd6 Rd2+ 47. Kc7 Rd4 48. c6 Rxf4 49. Rxf4+ Kxf4 50. Kd6 Kg3 51. c7 f4 52. c8Q f3 53. Qc3 Kg2 54. Qg7+ Kh1 55. Qh6+ Kg1 56. Qg5+ Kf1 57. Qc1+ Kg2 58. Qg5+ Kf1 59. Qb5+ Kg2 60. Qd5 Kf2 61. Ke5 Ke3 62. Qd4+ Ke2 63. Ke4 f2 64. Qd3+ Ke1 65. Ke3 f1Q 66. Qb1# 1-0

[Event "Titled Tuesday intern op 12th Sep Early"]
[Site "Chess.com INT"]
[Date "2023.09.12"]
[Round "2"]
[White "Ibarra Jerez, Jose Carlos"]
[Black "Horobetz, Graham"]
[Result "1-0"]
[WhiteElo "2563"]
[BlackElo "2154"]
[PlyCount "37"]
[EventDate "2023.09.12"]
[EventType "swiss (blitz)"]
[EventRounds "11"]
[EventCountry "USA"]
[SourceTitle "EXT 2024"]
[Source "ChessBase"]
[SourceDate "2023.10.10"]
[SourceVersion "1"]
[SourceVersionDate "2023.10.10"]
[SourceQuality "1"]

1. e4 c5 2. Nf3 d6 3. c3 Nf6 4. h3 Nc6 5. Bd3 e5 6. Bc2 g6 7. d4 exd4 8. cxd4 cxd4 9. Nxd4 Bg7 10. 0-0 0-0 11. Nc3 d5 12. Nxc6 bxc6 13. Bg5 dxe4 14. Qxd8 Rxd8 15. Nxe4 Nxe4 16. Bxd8 Bf5 17. Ba5 Bxb2 18. Rab1 Bd4 19. g4 1-0

[Event "Titled Tuesday intern op 29th Aug Early"]
[Site "Chess.com INT"]
[Date "2023.08.29"]
[Round "2"]
[White "Makarian, Rudik"]
[Black "Horobetz, Graham"]
[Result "1-0"]
[WhiteElo "2546"]
[BlackElo "2140"]
[PlyCount "61"]
[EventDate "2023.08.29"]
[EventType "swiss (blitz)"]
[EventRounds "11"]
[EventCountry "USA"]
[SourceTitle "EXT 2024"]
[Source "ChessBase"]
[SourceDate "2023.10.10"]
[SourceVersion "1"]
[SourceVersionDate "2023.10.10"]
[SourceQuality "1"]

1. d4 Nf6 2. c4 g6 3. Nc3 Bg7 4. e4 d6 5. Be2 0-0 6. Be3 e5 7. d5 c6 8. Nf3 Ng4 9. Bg5 f6 10. Bc1 Nh6 11. 0-0 c5 12. Ne1 f5 13. exf5 gxf5 14. g3 Kh8 15. Ng2 f4 16. gxf4 exf4 17. Bxf4 Bh3 18. Bg3 Nf5 19. Bd3 Nd7 20. Qh5 Bxg2 21. Kxg2 Nh6 22. Rae1 Nf6 23. Qd1 Nf7 24. Re6 Ng5 25. Rxd6 Qc8 26. Kh1 Qh3 27. Rg1 Ng4 28. Bf1 Qh5 29. Be2 Nxf2+ 30. Bxf2 Qh3 31. Bg3 1-0

[Event "Titled Tuesday intern op 11th Jul Early"]
[Site "Chess.com INT"]
[Date "2023.07.11"]
[Round "9"]
[White "Horobetz, Graham"]
[Black "Gunina, Valentina"]
[Result "0-1"]
[WhiteElo "2140"]
[BlackElo "2457"]
[PlyCount "66"]
[EventDate "2023.07.11"]
[EventType "swiss (blitz)"]
[EventRounds "11"]
[EventCountry "USA"]
[SourceTitle "EXT 2024"]
[Source "ChessBase"]
[SourceDate "2023.10.10"]
[SourceVersion "1"]
[SourceVersionDate "2023.10.10"]
[SourceQuality "1"]

1. e4 c6 2. d4 d5 3. Nc3 dxe4 4. Nxe4 Nf6 5. Nxf6+ exf6 6. c3 Bd6 7. Bd3 0-0 8. Qc2 Re8+ 9. Ne2 h5 10. 0-0 Nd7 11. Bd2 Nf8 12. Rae1 g6 13. h3 Be6 14. f4 f5 15. c4 Rc8 16. b4 Nh7 17. Qb2 Nf6 18. d5 cxd5 19. c5 Bc7 20. Bc3 Ne4 21. Bxe4 fxe4 22. Bf6 Qd7 23. Bh8 f5 24. Be5 Qf7 25. Bxc7 Rxc7 26. Nd4 Bd7 27. h4 Rec8 28. Rc1 Qf6 29. Qd2 Qxh4 30. b5 Qf6 31. Qb4 Be8 32. Rc3 a5 33. Qa3 Qxd4+ 0-1

[Event "Titled Tuesday intern op 11th Jul Early"]
[Site "Chess.com INT"]
[Date "2023.07.11"]
[Round "2"]
[White "Horobetz, Graham"]
[Black "Vakhlamov, Igor L"]
[Result "0-1"]
[WhiteElo "2140"]
[BlackElo "2413"]
[PlyCount "90"]
[EventDate "2023.07.11"]
[EventType "swiss (blitz)"]
[EventRounds "11"]
[EventCountry "USA"]
[SourceTitle "EXT 2024"]
[Source "ChessBase"]
[SourceDate "2023.10.10"]
[SourceVersion "1"]
[SourceVersionDate "2023.10.10"]
[SourceQuality "1"]

1. e4 c5 2. Nc3 e6 3. f4 Nc6 4. Nf3 a6 5. a4 d5 6. d3 Nf6 7. Be2 Be7 8. 0-0 0-0 9. Qe1 b6 10. e5 Nd7 11. Qg3 f6 12. Bd2 Bb7 13. exf6 Nxf6 14. Rae1 Qd6 15. Bd1 Rae8 16. Ne5 Nd7 17. Nxd7 Qxd7 18. Bg4 Nd4 19. Ne2 Nxc2 20. Rc1 Nb4 21. Bxb4 cxb4 22. Kh1 Bc5 23. d4 Bd6 24. b3 a5 25. Rfe1 Ba6 26. Rf1 Rf6 27. Rf2 Ref8 28. Re1 Kh8 29. Qh3 Bc8 30. g3 Qc7 31. Ng1 Qc3 32. Nf3 Qxb3 33. Rfe2 Qc3 34. Ng5 h6 35. Bxe6 Ba6 36. Re3 Qxd4 37. Bg4 b3 38. Ne6 Qd2 39. Nxf8 Rxf8 40. Re8 b2 41. Rxf8+ Bxf8 42. Rd1 Qxd1+ 43. Bxd1 b1Q 44. Qg4 Qe4+ 45. Kg1 Bc5# 0-1

[Event "Titled Tuesday intern op 11th Jul Early"]
[Site "Chess.com INT"]
[Date "2023.07.11"]
[Round "4"]
[White "Kantor, Gergely"]
[Black "Horobetz, Graham"]
[Result "0-1"]
[WhiteElo "2527"]
[BlackElo "2140"]
[PlyCount "86"]
[EventDate "2023.07.11"]
[EventType "swiss (blitz)"]
[EventRounds "11"]
[EventCountry "USA"]
[SourceTitle "EXT 2024"]
[Source "ChessBase"]
[SourceDate "2023.10.10"]
[SourceVersion "1"]
[SourceVersionDate "2023.10.10"]
[SourceQuality "1"]

1. e4 c5 2. Nf3 d6 3. Bd3 Nc6 4. 0-0 e5 5. Bb5 Nf6 6. Re1 g5 7. d4 g4 8. d5 a6 9. Bxc6+ bxc6 10. Nfd2 cxd5 11. exd5 h5 12. Nc4 Be7 13. Nc3 Rg8 14. f4 gxf3 15. Qxf3 Rg4 16. Nxe5 dxe5 17. d6 Ra7 18. dxe7 Qxe7 19. h3 Bb7 20. Qe3 Rxg2+ 21. Kf1 Rh2 22. Qxe5 Rh1+ 23. Kf2 Rxe1 24. Qxe1 Qxe1+ 25. Kxe1 Bg2 26. Bg5 Nh7 27. Be3 Re7 28. Kf2 Bxh3 29. Bxc5 Re5 30. Bd4 Rf5+ 31. Kg3 Bg4 32. Re1+ Kd7 33. Re3 Ng5 34. Rd3 Kc6 35. a4 Ne6 36. Bg1 Nf4 37. Rd2 Ng6 38. Be3 Rf3+ 39. Kg2 Rxe3 40. Nd1 Nh4+ 41. Kf2 Rf3+ 42. Kg1 Rh3 43. Rd4 Nf3+ 0-1

[Event "Titled Tuesday intern op 18th Apr Early"]
[Site "Chess.com INT"]
[Date "2023.04.18"]
[Round "2"]
[White "Dwilewicz, Katarzyna"]
[Black "Horobetz, Graham"]
[Result "0-1"]
[WhiteElo "2115"]
[BlackElo "2140"]
[PlyCount "78"]
[EventDate "2023.04.18"]
[EventType "swiss (blitz)"]
[EventRounds "11"]
[EventCountry "USA"]
[SourceTitle "EXT 2024"]
[Source "ChessBase"]
[SourceDate "2023.10.10"]
[SourceVersion "1"]
[SourceVersionDate "2023.10.10"]
[SourceQuality "1"]

1. e4 c5 2. Nc3 g6 3. g3 Bg7 4. Bg2 Nc6 5. Nge2 d6 6. 0-0 e6 7. d3 Nge7 8. Be3 Nd4 9. f4 0-0 10. Qd2 Rb8 11. a4 b6 12. h3 a6 13. Kh2 b5 14. axb5 axb5 15. Ra2 b4 16. Nd1 Nxc2 17. Bg1 Nd4 18. Nxd4 cxd4 19. Ra4 Qb6 20. b3 Bd7 21. Ra1 Rfc8 22. Nb2 Rc3 23. Nc4 Qc7 24. Rab1 d5 25. Ne5 dxe4 26. Bxd4 e3 27. Qxe3 Nf5 28. Qg1 Rc2 29. Rbc1 Rc8 30. Rxc2 Qxc2 31. Nxd7 Bxd4 32. Qh1 Bf2 33. Nf6+ Kg7 34. Ne4 Bd4 35. Rf3 Qxb3 36. Qe1 Rc2 37. g4 Qb2 38. Qf1 Nh4 39. Rg3 Rc1 0-1

[Event "Titled Tuesday intern op 18th Apr Early"]
[Site "Chess.com INT"]
[Date "2023.04.18"]
[Round "8"]
[White "Horobetz, Graham"]
[Black "Csonka, Balazs"]
[Result "0-1"]
[WhiteElo "2140"]
[BlackElo "2496"]
[PlyCount "74"]
[EventDate "2023.04.18"]
[EventType "swiss (blitz)"]
[EventRounds "11"]
[EventCountry "USA"]
[SourceTitle "EXT 2024"]
[Source "ChessBase"]
[SourceDate "2023.10.10"]
[SourceVersion "1"]
[SourceVersionDate "2023.10.10"]
[SourceQuality "1"]

1. e4 c5 2. Nf3 e6 3. d4 cxd4 4. Nxd4 a6 5. Nc3 b5 6. Bd3 Qb6 7. Nb3 Qc7 8. 0-0 Bb7 9. Qe2 Nc6 10. Kh1 Bb4 11. Bd2 Nge7 12. Rae1 0-0 13. e5 Ng6 14. f4 d6 15. a3 Bxc3 16. Bxc3 dxe5 17. fxe5 Rad8 18. h4 Qe7 19. h5 Qh4+ 20. Kg1 Nge7 21. Nc5 Bc8 22. Ne4 Nf5 23. Rf3 Ncd4 24. Bxd4 Nxd4 25. Qf2 Nxf3+ 26. gxf3 Qxh5 27. Qg3 Kh8 28. Kf2 Bb7 29. Ng5 h6 30. Nh3 g5 31. Ng1 Rd4 32. Ne2 Rh4 33. Ke3 Rh3 34. Qg1 Rxf3+ 35. Kd2 Rd8 36. Kc1 Rh3 37. Nd4 Rh1 0-1

[Event "Titled Tuesday intern op 18th Apr Early"]
[Site "Chess.com INT"]
[Date "2023.04.18"]
[Round "7"]
[White "Horobetz, Graham"]
[Black "Deveci, Huseyin Said"]
[Result "1-0"]
[WhiteElo "2140"]
[BlackElo "1965"]
[PlyCount "57"]
[EventDate "2023.04.18"]
[EventType "swiss (blitz)"]
[EventRounds "11"]
[EventCountry "USA"]
[SourceTitle "EXT 2024"]
[Source "ChessBase"]
[SourceDate "2023.10.10"]
[SourceVersion "1"]
[SourceVersionDate "2023.10.10"]
[SourceQuality "1"]

1. e4 e5 2. Nf3 Nc6 3. Bb5 a6 4. Ba4 Nf6 5. 0-0 Be7 6. Re1 b5 7. Bb3 0-0 8. c3 d5 9. exd5 Nxd5 10. Nxe5 Nxe5 11. Rxe5 c6 12. d4 Bd6 13. Re1 Qh4 14. g3 Qh3 15. Qf3 Bg4 16. Qg2 Qh5 17. Be3 Bf3 18. Qf1 Rae8 19. Nd2 Bg4 20. a4 Re6 21. axb5 Nxe3 22. Rxe3 Rh6 23. Qg2 axb5 24. Rae1 Bh3 25. Bd1 Qg6 26. Qxc6 f5 27. Re6 Qxe6 28. Rxe6 Rxe6 29. Bb3 1-0

[Event "Titled Tuesday intern op 28th Mar Late"]
[Site "Chess.com INT"]
[Date "2023.03.28"]
[Round "1"]
[White "Horobetz, Graham"]
[Black "Dahlgren, James Allen"]
[Result "1-0"]
[WhiteElo "2134"]
[BlackElo "1834"]
[PlyCount "91"]
[EventDate "2023.03.28"]
[EventType "swiss (blitz)"]
[EventRounds "11"]
[EventCountry "USA"]
[SourceTitle "EXT 2024"]
[Source "ChessBase"]
[SourceDate "2023.10.10"]
[SourceVersion "1"]
[SourceVersionDate "2023.10.10"]
[SourceQuality "1"]

1. e4 e6 2. d4 c5 3. Nf3 c4 4. Bxc4 d5 5. Bd3 dxe4 6. Bxe4 Nf6 7. Bd3 Nc6 8. 0-0 Bd6 9. Bg5 Bd7 10. Nbd2 h6 11. Bh4 Qc7 12. Nc4 Be7 13. Bg3 Qd8 14. Nd6+ Kf8 15. c4 Nh5 16. Ne5 Bxd6 17. Qxh5 Nxe5 18. Bxe5 Bxe5 19. Qxe5 Bc6 20. Be4 Qd7 21. b4 Bxe4 22. Qxe4 Rd8 23. Rfd1 g6 24. Qe5 Kg8 25. d5 Kh7 26. d6 Rhf8 27. Qf6 Qc6 28. c5 Rd7 29. Rd4 a5 30. a3 b6 31. Rc1 axb4 32. axb4 Ra8 33. h4 b5 34. h5 Rg8 35. Rg4 gxh5 36. Rxg8 Kxg8 37. Qxh6 Qd5 38. Rc3 h4 39. Qxh4 f5 40. Rg3+ Rg7 41. Qd8+ Kh7 42. Rxg7+ Kxg7 43. Qe7+ Kg6 44. Qe8+ Kg7 45. Qh5 Qd1+ 46. Qxd1 1-0

[Event "Titled Tuesday intern op 14th Mar Early"]
[Site "Chess.com INT"]
[Date "2023.03.14"]
[Round "2"]
[White "Horobetz, Graham"]
[Black "Timofeev, Artyom"]
[Result "0-1"]
[WhiteElo "2134"]
[BlackElo "2567"]
[PlyCount "70"]
[EventDate "2023.03.14"]
[EventType "swiss (blitz)"]
[EventRounds "11"]
[EventCountry "USA"]
[SourceTitle "EXT 2024"]
[Source "ChessBase"]
[SourceDate "2023.10.10"]
[SourceVersion "1"]
[SourceVersionDate "2023.10.10"]
[SourceQuality "1"]

1. e4 c5 2. Nf3 d6 3. d4 cxd4 4. Nxd4 Nf6 5. Nc3 Nc6 6. Be2 g6 7. 0-0 Bg7 8. Be3 0-0 9. h3 Bd7 10. Nb3 Rc8 11. f4 a6 12. Bf3 Be6 13. Nd5 Nd7 14. c3 b5 15. a4 b4 16. cxb4 Bxd5 17. exd5 Nxb4 18. Bd4 Nc2 19. Bxg7 Kxg7 20. Rc1 Qb6+ 21. Kh1 Ne3 22. Qd3 Nxf1 23. Rxf1 a5 24. Bg4 Rc7 25. Bxd7 Rxd7 26. f5 Qb4 27. Nd4 Qxa4 28. Qc3 Kg8 29. Nc6 Qb5 30. Re1 Qxd5 31. Rxe7 Qxf5 32. Re3 d5 33. Rf3 d4 34. Qc4 Qe6 35. Qb5 d3 0-1

[Event "Titled Tuesday intern op 14th Feb Early"]
[Site "Chess.com INT"]
[Date "2023.02.14"]
[Round "1"]
[White "Alahakoon, Isuru"]
[Black "Horobetz, Graham"]
[Result "0-1"]
[WhiteElo "1891"]
[BlackElo "2134"]
[PlyCount "44"]
[EventDate "2023.02.14"]
[EventType "swiss (blitz)"]
[EventRounds "11"]
[EventCountry "USA"]
[SourceTitle "CBM 212 Extra"]
[Source "ChessBase"]
[SourceDate "2023.03.31"]
[SourceVersion "1"]
[SourceVersionDate "2023.03.31"]
[SourceQuality "1"]

1. Nf3 c5 2. c3 d5 3. d4 Nc6 4. Bf4 Nf6 5. e3 Bg4 6. Nbd2 e6 7. Bd3 Bd6 8. Bxd6 Qxd6 9. 0-0 0-0 10. Qe2 e5 11. dxe5 Nxe5 12. e4 Rfe8 13. Rfe1 Nxf3+ 14. gxf3 Bh3 15. e5 Qd7 16. f4 c4 17. Bc2 Bf5 18. Nf3 Bxc2 19. Qxc2 Qg4+ 20. Kf1 Qxf3 21. Qd2 Nh5 22. Rad1 Nxf4 0-1

[Event "Titled Tuesday intern op 14th Feb Early"]
[Site "Chess.com INT"]
[Date "2023.02.14"]
[Round "2"]
[White "Demchenko, Anton"]
[Black "Horobetz, Graham"]
[Result "1-0"]
[WhiteElo "2625"]
[BlackElo "2134"]
[PlyCount "83"]
[EventDate "2023.02.14"]
[EventType "swiss (blitz)"]
[EventRounds "11"]
[EventCountry "USA"]
[SourceTitle "CBM 212 Extra"]
[Source "ChessBase"]
[SourceDate "2023.03.31"]
[SourceVersion "1"]
[SourceVersionDate "2023.03.31"]
[SourceQuality "1"]

1. e4 c5 2. Nf3 d6 3. d4 cxd4 4. Nxd4 Nf6 5. Nc3 a6 6. f3 e5 7. Nb3 Be7 8. Be3 Be6 9. Qd2 h5 10. 0-0-0 Nbd7 11. Kb1 Rc8 12. Bg5 b5 13. a3 Qc7 14. h4 Nb6 15. Bxf6 gxf6 16. Na5 Nc4 17. Nxc4 bxc4 18. Nd5 Qc5 19. Qb4 Qxb4 20. axb4 Bd8 21. Be2 Rg8 22. g4 hxg4 23. fxg4 Rh8 24. h5 Bxd5 25. Rxd5 Ke7 26. Rhd1 Rc6 27. c3 Bb6 28. Kc2 Be3 29. Ra1 Bg5 30. Rda5 Rd8 31. Rxa6 Rxa6 32. Rxa6 d5 33. Ra7+ Kf8 34. exd5 Rxd5 35. Bxc4 Rd2+ 36. Kb3 e4 37. Rxf7+ Ke8 38. h6 e3 39. h7 Rh2 40. Rg7 Kf8 41. Rg8+ Ke7 42. h8Q 1-0

[Event "Titled Tuesday intern op 14th Feb Early"]
[Site "Chess.com INT"]
[Date "2023.02.14"]
[Round "4"]
[White "Koridze, Lile"]
[Black "Horobetz, Graham"]
[Result "1-0"]
[WhiteElo "2122"]
[BlackElo "2134"]
[PlyCount "69"]
[EventDate "2023.02.14"]
[EventType "swiss (blitz)"]
[EventRounds "11"]
[EventCountry "USA"]
[SourceTitle "CBM 212 Extra"]
[Source "ChessBase"]
[SourceDate "2023.03.31"]
[SourceVersion "1"]
[SourceVersionDate "2023.03.31"]
[SourceQuality "1"]

1. d4 Nf6 2. c4 d6 3. Nc3 g6 4. e4 Bg7 5. Nf3 0-0 6. Be2 Nbd7 7. 0-0 e5 8. d5 Nc5 9. Qc2 a5 10. a3 Nh5 11. Be3 f5 12. Bxc5 dxc5 13. exf5 Bxf5 14. Bd3 Nf4 15. Bxf5 gxf5 16. g3 e4 17. gxf4 exf3 18. Qd3 Qh4 19. Qxf3 Ra6 20. Kh1 Rg6 21. Rg1 Bd4 22. Rxg6+ hxg6 23. Rg1 Kg7 24. Qg3 Qxg3 25. Rxg3 Re8 26. Nb5 Bxf2 27. Rf3 Re1+ 28. Kg2 Bd4 29. Nxc7 Re2+ 30. Kh3 Kf6 31. Rg3 Rxb2 32. d6 Kf7 33. Nd5 Bf6 34. Nxf6 Kxf6 35. Rd3 1-0

[Event "Titled Tuesday intern op 07th Feb Early"]
[Site "Chess.com INT"]
[Date "2023.02.07"]
[Round "3"]
[White "Buchenau, Frank"]
[Black "Horobetz, Graham"]
[Result "0-1"]
[WhiteElo "2222"]
[BlackElo "2134"]
[PlyCount "66"]
[EventDate "2023.02.07"]
[EventType "swiss (blitz)"]
[EventRounds "11"]
[EventCountry "USA"]
[SourceTitle "EXT 2024"]
[Source "ChessBase"]
[SourceDate "2023.10.10"]
[SourceVersion "1"]
[SourceVersionDate "2023.10.10"]
[SourceQuality "1"]

1. e4 c5 2. Nf3 d6 3. Bb5+ Nd7 4. 0-0 a6 5. Bd3 Ngf6 6. Re1 b5 7. c4 Bb7 8. cxb5 axb5 9. Bxb5 Nxe4 10. d4 e6 11. dxc5 Nexc5 12. Nc3 Be7 13. b4 Na6 14. Rb1 0-0 15. Bf4 Nf6 16. Nd4 Rc8 17. Qd3 Nc7 18. Bc6 Ba8 19. b5 e5 20. Nf5 Bxc6 21. bxc6 Ne6 22. Nd5 Nxd5 23. Qxd5 Nxf4 24. Qe4 Bf6 25. Rb7 d5 26. Qa4 Qe8 27. Rb6 Qe6 28. Ne3 d4 29. Nc4 Qg4 30. g3 Nh3+ 31. Kg2 Ng5 32. h4 Qh3+ 33. Kg1 Nf3# 0-1

[Event "Titled Tuesday intern op 07th Feb Early"]
[Site "Chess.com INT"]
[Date "2023.02.07"]
[Round "2"]
[White "Horobetz, Graham"]
[Black "Indjic, Aleksandar"]
[Result "0-1"]
[WhiteElo "2134"]
[BlackElo "2641"]
[PlyCount "78"]
[EventDate "2023.02.07"]
[EventType "swiss (blitz)"]
[EventRounds "11"]
[EventCountry "USA"]
[SourceTitle "EXT 2024"]
[Source "ChessBase"]
[SourceDate "2023.10.10"]
[SourceVersion "1"]
[SourceVersionDate "2023.10.10"]
[SourceQuality "1"]

1. e4 c5 2. Nf3 d6 3. d4 cxd4 4. Nxd4 Nf6 5. Nc3 a6 6. f3 e5 7. Nb3 Be7 8. Be3 Be6 9. Qd2 h5 10. Be2 Nbd7 11. Nd5 Bxd5 12. exd5 Qc7 13. Na5 0-0 14. c4 Rfe8 15. 0-0 Bf8 16. b4 b6 17. Nc6 Nb8 18. Nxb8 Raxb8 19. Rfc1 a5 20. a3 g6 21. Rab1 Nd7 22. Bd1 axb4 23. axb4 Ra8 24. Ra1 Bg7 25. Ra2 Ra7 26. Rca1 Rxa2 27. Rxa2 Qxc4 28. Ba4 Rd8 29. Rc2 Qa6 30. Bc6 e4 31. Ra2 Qc4 32. Rc2 Qb3 33. fxe4 Ne5 34. Bxb6 Nc4 35. Rxc4 Qxc4 36. h4 Rb8 37. Ba5 Bd4+ 38. Kh2 Be5+ 39. Kh3 Qb3+ 0-1

[Event "Titled Tuesday intern op 03rd Jan Early"]
[Site "Chess.com INT"]
[Date "2023.01.03"]
[Round "3"]
[White "Horobetz, Graham"]
[Black "Vifleemskaia, Svetlana"]
[Result "1-0"]
[WhiteElo "2134"]
[BlackElo "1947"]
[PlyCount "77"]
[EventDate "2023.01.03"]
[EventType "swiss (blitz)"]
[EventRounds "11"]
[EventCountry "USA"]
[SourceTitle "EXT 2024"]
[Source "ChessBase"]
[SourceDate "2023.10.10"]
[SourceVersion "1"]
[SourceVersionDate "2023.10.10"]
[SourceQuality "1"]

1. e4 e5 2. Nf3 Nc6 3. Bb5 a6 4. Ba4 Nf6 5. 0-0 Be7 6. Re1 b5 7. Bb3 d6 8. c3 0-0 9. a4 Bb7 10. d3 Na5 11. Bc2 c5 12. Nbd2 Nc6 13. Nf1 g6 14. Bh6 Re8 15. axb5 axb5 16. Rxa8 Bxa8 17. Bb3 Na5 18. Ba2 Ng4 19. Be3 Nxe3 20. Nxe3 Bf8 21. Bd5 Bg7 22. Qa1 Bh6 23. Bxa8 Qxa8 24. Nd5 Nb3 25. Qd1 Qa2 26. Nf6+ Kf8 27. Nxe8 Kxe8 28. Qb1 Qa4 29. Qc2 Ke7 30. d4 exd4 31. cxd4 c4 32. e5 d5 33. e6 f6 34. h4 b4 35. h5 Qe8 36. Nh4 f5 37. Qd1 Bf4 38. Qf3 Bd6 39. Qxd5 1-0

[Event "Titled Tuesday intern op 22nd Nov Late"]
[Site "Chess.com INT"]
[Date "2022.11.22"]
[Round "2"]
[White "Ankerst, Mihael"]
[Black "Horobetz, Graham"]
[Result "0-1"]
[WhiteElo "2370"]
[BlackElo "2103"]
[PlyCount "82"]
[EventDate "2022.11.22"]
[EventType "swiss (blitz)"]
[EventRounds "11"]
[EventCountry "USA"]
[SourceTitle "CBM 211 Extra"]
[Source "ChessBase"]
[SourceDate "2023.01.31"]
[SourceVersion "1"]
[SourceVersionDate "2023.01.31"]
[SourceQuality "1"]

1. e4 c5 2. Nf3 d6 3. d4 cxd4 4. Nxd4 Nf6 5. Nc3 a6 6. Bc4 e6 7. Bb3 Be7 8. g4 h6 9. Rg1 b5 10. f3 Bb7 11. h4 Nc6 12. g5 hxg5 13. hxg5 Nd7 14. Bxe6 fxe6 15. Nxe6 Qb6 16. Nxg7+ Kf7 17. Kf1 Rh2 18. Qe1 Kxg7 19. Nd5 Rf8 20. Qg3 Qd4 21. Qxh2 Qd1+ 22. Kf2 Qxf3+ 23. Ke1 Qxe4+ 24. Ne3 Rh8 25. Qg2 Qxg2 26. Nxg2 Nd4 27. Kd2 Nf3+ 28. Kd3 Nxg1 29. Be3 Nf3 30. Nf4 Bxg5 31. Ne6+ Kf6 32. Nxg5 Nxg5 33. Rf1+ Kg6 34. Rg1 Ne5+ 35. Kc3 Nef3 36. Rd1 Rc8+ 37. Kb3 Rc6 38. a4 bxa4+ 39. Kxa4 d5 40. c3 Rc4+ 41. Kb3 Bc6 0-1

[Event "Titled Tuesday intern op 08th Nov Early"]
[Site "Chess.com INT"]
[Date "2022.11.08"]
[Round "3"]
[White "Horobetz, Graham"]
[Black "Szente Varga, Fruzsina"]
[Result "1-0"]
[WhiteElo "2103"]
[BlackElo "2075"]
[PlyCount "89"]
[EventDate "2022.11.08"]
[EventType "swiss (blitz)"]
[EventRounds "11"]
[EventCountry "USA"]
[SourceTitle "EXT 2024"]
[Source "ChessBase"]
[SourceDate "2023.10.10"]
[SourceVersion "1"]
[SourceVersionDate "2023.10.10"]
[SourceQuality "1"]

1. e4 e5 2. Nf3 Nc6 3. Bb5 a6 4. Ba4 Nf6 5. 0-0 Be7 6. Re1 b5 7. Bb3 0-0 8. c3 d5 9. exd5 Nxd5 10. Nxe5 Nxe5 11. Rxe5 c6 12. d4 Bd6 13. Re1 Qh4 14. g3 Qh3 15. Qf3 Bg4 16. Qg2 Qh5 17. Be3 Bf3 18. Qf1 f5 19. Nd2 Bg4 20. Bxd5+ cxd5 21. f4 Rae8 22. Qf2 Re6 23. Nb3 Rfe8 24. Nc1 g5 25. Nd3 h6 26. Ne5 Kh7 27. Bd2 Bxe5 28. Rxe5 Rxe5 29. dxe5 Bf3 30. a4 Be4 31. axb5 axb5 32. Be3 Kg8 33. Bd4 Qg4 34. Qf1 Rb8 35. e6 Qh5 36. Ra7 Re8 37. Rg7+ Kf8 38. Rf7+ Kg8 39. Rf6 Qg4 40. Rg6+ Kf8 41. Bc5+ Re7 42. Rf6+ Ke8 43. Qxb5+ Kd8 44. Rf8+ Kc7 45. Qb6# 1-0

[Event "Titled Tuesday intern op 08th Nov Early"]
[Site "Chess.com INT"]
[Date "2022.11.08"]
[Round "7"]
[White "Luberanski, Jakub"]
[Black "Horobetz, Graham"]
[Result "0-1"]
[WhiteElo "2255"]
[BlackElo "2103"]
[PlyCount "84"]
[EventDate "2022.11.08"]
[EventType "swiss (blitz)"]
[EventRounds "11"]
[EventCountry "USA"]
[SourceTitle "EXT 2024"]
[Source "ChessBase"]
[SourceDate "2023.10.10"]
[SourceVersion "1"]
[SourceVersionDate "2023.10.10"]
[SourceQuality "1"]

1. d4 Nf6 2. c4 g6 3. Nc3 Bg7 4. e4 d6 5. Nf3 0-0 6. Be2 Nbd7 7. 0-0 e5 8. Qc2 c6 9. d5 a5 10. Be3 Ng4 11. Bd2 c5 12. h3 Nh6 13. Bg5 f6 14. Bh4 g5 15. Bg3 Rf7 16. Nh2 Nf8 17. Bh5 Ng6 18. Ng4 f5 19. Nxh6+ Bxh6 20. exf5 Bxf5 21. Ne4 Qd7 22. f3 Raf8 23. Bg4 Nf4 24. Bxf4 exf4 25. Rfe1 Qd8 26. Bxf5 Rxf5 27. Qb3 R5f7 28. Nc3 Bg7 29. Nb5 Be5 30. Re4 Rg7 31. Rae1 Qf6 32. Qa4 b6 33. a3 h5 34. Qd1 g4 35. hxg4 hxg4 36. fxg4 f3 37. Qxf3 Qh4 38. g3 Bxg3 39. Re8 Qh2+ 40. Kf1 Qh1+ 41. Ke2 Qxf3+ 42. Kd2 Bxe1+ 0-1

[Event "Titled Tuesday intern op 11th Oct Late"]
[Site "Chess.com INT"]
[Date "2022.10.11"]
[Round "4"]
[White "Horobetz, Graham"]
[Black "Riehle, Marco"]
[Result "0-1"]
[WhiteElo "2097"]
[BlackElo "2367"]
[PlyCount "86"]
[EventDate "2022.10.11"]
[EventType "swiss (blitz)"]
[EventRounds "11"]
[EventCountry "USA"]
[SourceTitle "EXT 2024"]
[Source "ChessBase"]
[SourceDate "2023.10.10"]
[SourceVersion "1"]
[SourceVersionDate "2023.10.10"]
[SourceQuality "1"]

1. e4 e5 2. Nf3 Nf6 3. d4 Nxe4 4. Bd3 Nc6 5. dxe5 Nc5 6. 0-0 d6 7. Bg5 Be7 8. Bxe7 Qxe7 9. exd6 Qxd6 10. Re1+ Be6 11. Bb5 0-0-0 12. Qxd6 Rxd6 13. Nbd2 Rhd8 14. Nc4 Bxc4 15. Bxc4 f6 16. c3 a6 17. g3 Nd3 18. Bxd3 Rxd3 19. Kg2 Kb8 20. Re4 Ka7 21. Rae1 a5 22. h4 b5 23. Re6 Kb7 24. h5 R8d6 25. Rxd6 Rxd6 26. Re2 a4 27. g4 Rd3 28. Rd2 Rxd2 29. Nxd2 Ne5 30. Kg3 c5 31. Ne4 Kc6 32. h6 gxh6 33. Nxf6 Nd3 34. f4 Nxb2 35. Nxh7 b4 36. cxb4 cxb4 37. g5 hxg5 38. fxg5 Nc4 39. g6 Nd6 40. Kf4 Ne8 41. Ke5 b3 42. Nf6 Nxf6 43. Kxf6 bxa2 0-1